Antonyms #1 - Statistics

General Stats
  • This quiz has been taken 102 times
    73 since last reset
  • The average score is 13 of 14
Answer Stats
Hint Answer % Correct
day night
100%
white black
98%
open closed
98%
light dark
98%
quiet loud
98%
yes no
98%
alive dead
97%
good bad
95%
full empty
95%
sun moon
95%
awake asleep
87%
accept refuse
84%
accurate inaccurate
68%
land sea
67%
No matching quizzes found
Score Distribution
Percent of People with Each Score
Percentile by Number Answered
Your Score History
You have not taken this quiz since the last reset